000 01811cam a2200241 a 4500
001 2584507
005 20210512162042.0
008 960208s1995 pe a b 000 0 spa d
035 _aBBQ6983
040 _aCENDOC CAAAP
_cCAAAP
_bspa
050 0 0 _aFP
_b360.H8 P43
100 1 _aPeñaloza J., José B.
_q(José Benigno Peñaloza Jarrín)
_92810
245 1 0 _aHuancayo :
_bhistoria, familia y región /
_cJosé B. Peñaloza Jarrín.
250 _a1a ed.
260 _a[Lima] :
_bPontificia Universidad Católica del Perú, Instituto Riva-Agüero,
_c1995.
300 _axix, 497 p. :
_bil. ;
_c22 cm.
504 _aIncluye referencias bibliográficas (p. 489-497).
505 _aContenido: Los primitivos pobladores -- La huanca Huamaní -- La muy noble ciudad de Xauxa -- Participación del Valle de Jauja en el establecimiento español -- El corregimiento de Jauja -- La proclamación de la independencia en la Intendencia de Tarma -- El libertador Simón Bolívar y Cipriano Peñalosa, un héroe olvidado desde la campaña de Junín -- Participación de Huancayo y su Valle en formación de la República -- La creación y primeros años de la provincia de Huancayo -- Los batallones de Huancayo y del Valle del Mantaro en la campaña de Lima -- La campaña del centro (Abril 1881- Julioi 1882) -- Continuación de la campaña del centro (Agosto 1882 - Diciembre 1883) -- Huancayo en el siglo XX -- Algunos aspectos económicos de Huancayo republicano -- Panorama cultural, científico y social de Huancayo republicano -- Personajes en el virreinato -- Héroes de la independencia -- Personajes en el periodo republicano -- Remembranzas de Augusto C. Peñaloza Vega.
650 0 _98
_aHistoria
651 0 _aHuancayo
_xHistory.
_9574
710 2 _92811
_aInstituto Riva Agüero
942 _2lcc
_bDD - MM - AA
_cBK
999 _c1274
_d1274